| 000 | 00485pab a2200169 454500 | ||
|---|---|---|---|
| 008 | 180718b1999 xxu||||| |||| 00| 0 eng d | ||
| 100 | _aLalitha, N. | ||
| 245 | _aWomen in the unorganised manufacturing sector in India: a sectoral analysis | ||
| 260 | _c1999 | ||
| 300 | _ap.641-50 | ||
| 362 | _aOct-Dec | ||
| 650 | _aManufacturing industry - India | ||
| 650 | _aWomen workers - India | ||
| 650 | _aWomen workers | ||
| 773 | _aIndian Journal of Labour Economics | ||
| 909 | _a43379 | ||
| 999 |
_c43379 _d43379 |
||